Statystyki dla Współczesne państwa kalifatu Umajjadów z mapą

Kliknij tutaj aby rozwiązać quiz!

Ogólne statystyki

  • Ten quiz został rozwiązany 413 razy
  • Średni wynik to 35 z 36

Odpowiedzi na mapie

Odpowiedzi skodowane kolorowo w zielono-czerwonej skali na mapie do tego quizu, zgodnie z poniższymi procentami.
 

Statystyki odpowiedzi

Państwo% Poprawnych
Hiszpania
100%
Egipt
99%
Iran
99%
Maroko
99%
Portugalia
99%
Algieria
98%
Arabia Saudyjska
98%
Francja
98%
Irak
98%
Jemen
98%
Libia
98%
Oman
98%
Syria
98%
Tunezja
98%
Izrael
97%
Turcja
97%
Zjednoczone Emiraty Arabskie
97%
Andora
96%
Armenia
96%
Azerbejdżan
96%
Cypr
96%
Katar
96%
Afganistan
95%
Gruzja
95%
Jordania
95%
Liban
95%
Pakistan
95%
Indie
94%
Kuwejt
94%
Rosja
94%
Kirgistan
93%
Tadżykistan
93%
Bahrajn
92%
Kazachstan
92%
Turkmenistan
92%
Uzbekistan
92%

Rozkład punktacji

Percentyl według liczby udzielonych odpowiedzi

Procent ludzi z każdym wynikiem

Twoja historia wyników

Nie rozwiązałeś tego quizu